Sports Quiz

Random Sports or Color Quiz

Dressed in Blue (sports edition) Quiz Stats

 Plays Quiz not verified by Sporcle

Score 0/25 Timer 05:00
0 Plays Today
% Correct
John McEnroe, American tennisplayer, ranked nr 1 in the world
74.3%
Zinedine Zidane, French footballer, Real Madrid
73%
Michael Johnson, American sprinter, 4 olympic golds
60.8%
Lionel Messi, argentine footballer, FC Barcelona
60.8%
Simone Biles, American artistic gymnast, 4 olympic golds
56.8%
Luis Suarez, Uruguayan footballer, Barcelona
55.4%
Annika Sörenstam, one of the most successful female golfers in history
51.4%
Hank 'Hammer' Aaron, American baseball player, MLB
45.9%
Luke Kuechly, American football linebacker for the Carolina Panthers
21.6%
Al Oerter, American discus thrower, 4 olympic golds
20.3%
Sachin Tendulkar, Indian cricketer, one of the greatest batsmen of all time
18.9%
Stephen Redgrave, British rower, 5 olympic golds
18.9%
Ingemar Stenmark, Swedish alpine ski racer, 2 olympic golds
17.6%
% Correct
Hayley Wickenheiser, Canadian ice hockey player, 4 olympic golds
16.2%
Sergej Makarov, Russian ice hockey player, 2 olympic golds
13.5%
Ivano Balic, Croatian handballer, world and Olympic champion
13.5%
Anky van Grunsven, Dutch dressage champion, 3 olympic golds
12.2%
Bjørn Dæhlie, Norwegian cross-country skier, 8 olympic golds
12.2%
Tomáš Dvořák, Czechian decathlon athlete, three-time world champion
10.8%
Dwight Phillips, American long jumper, olympic gold
10.8%
Jörgen Persson, Swedish table tennis player, five-time world champion
10.8%
Amy van Dyken, American swimmer, 6 olympic golds
9.5%
Jaqueline Carvalho, Brazilian volleyball player, double olympic champion
9.5%
Charles Austin, American high jumper, olympic gold
9.5%
Emil H Svendsen, Norwegian biathlete, 2 olympic golds
9.5%

You're not logged in!

Compare scores with friends on all Sporcle quizzes.
OR
Log In

You Might Also Like...

Show Comments

Extras

Top Quizzes Today


Score Distribution

Your Account Isn't Verified!

In order to create a playlist on Sporcle, you need to verify the email address you used during registration. Go to your Sporcle Settings to finish the process.

Report this User

Report this user for behavior that violates our Community Guidelines.

Details: